| 000 | 00903nam a2200253Ia 4500 | ||
|---|---|---|---|
| 003 | OSt | ||
| 005 | 20221005113449.0 | ||
| 006 | a|||||r|||| 00| 0 | ||
| 007 | ta | ||
| 008 | 221004b |||||||| |||| 00| 0 pan d | ||
| 020 |
_a8178830590 (hbk) _c200 |
||
| 024 | _a104526 | ||
| 037 |
_b7830/IV, 31/01/2011, Arsee Publishers _cTextual |
||
| 040 |
_aCRL _cCRL _bpan |
||
| 041 |
_2pan _apan |
||
| 082 | _aO153,1:g, P2 | ||
| 100 | _aਗੁਰਇਕਬਾਲ ਸਿੰਘ | ||
| 245 | 0 |
_aਪੰਜਾਬੀ ਕਵਿਤਾ _b ਨਵੇ੍ਵ ਪਰਿਪੇਖ ਤੇ ਪਾਸਾਰ |
|
| 260 |
_aਲੁਧਿਆਣਾ _bਚੇਤਨਾ ਭਾਰਤ _c2002 |
||
| 300 |
_a220ਪੰ _ccm. |
||
| 650 | _aਪੰਜਾਬੀ ਸਾਹਿਤ | ||
| 942 |
_hO153,1:g, P2 _cTEXL _2cc |
||
| 999 |
_c1028277 _d1028277 |
||